Sistemy kvazilinejnych uravnenij i ich priloženija k gazovoj dinamike

Na minha lista:
Detalhes bibliográficos
Main Authors: Roždestvenskij, B.L (Author), Janenko, N.N (Author)
Formato: Livro
Idioma:russo
Publicado em: Moskva : Nauka, 1978
Edição:2.izd.
Tags: Adicionar Tag
Sem tags, seja o primeiro a adicionar uma tag!

MARC

LEADER 00000nam a22000003a 4500
001 stu183793
005 20150617225609.7
008 090504s1978----xxr-----------------rus-d
040 |a STU  |b slo 
041 0 |a rus 
044 |a xxr 
080 |a 517.944 
080 |a 533 
100 1 |a Roždestvenskij, B.L  |4 aut 
245 1 |a Sistemy kvazilinejnych uravnenij i ich priloženija k gazovoj dinamike 
250 |a 2.izd. 
260 |a Moskva :  |b Nauka,  |c 1978 
300 |a 687 s 
700 1 |a Janenko, N.N.  |4 aut 
996 |b E43290  |c E*43290  |l EE03  |s P  |a 0  |w stu183793_0001